000 00270nam a22001097a 4500
008 160518b xxu||||| |||| 00| 0 eng d
020 _a0070392358
041 _aeng
080 _a61
245 _aUnderstanding your health;
_cWayne A. Payne; Dale B. Hahn;
942 _2udc
_cBK
999 _c2160
_d2160